[Event "Piestany Slovakia op-A"]
[Site "Piestany"]
[Date "2025.07.15"]
[Round "8"]
[White "Gay, Lukas"]
[Black "Hitka, Dominik"]
[Result "1/2-1/2"]
[WhiteElo "2150"]
[BlackElo "1961"]
[PlyCount "85"]
[EventDate "2025.07.08"]
[EventType "swiss"]
[EventRounds "9"]
[EventCountry "SVK"]
[SourceTitle "CB29_2025"]
[SourceDate "2025.07.16"]
[SourceVersion "1"]
[SourceVersionDate "2025.07.16"]
[SourceQuality "1"]

1. e4 c6 2. d4 d5 3. Nc3 g6 4. e5 Bg7 5. Bf4 h5 6. Nf3 Bg4 7. h3 Bxf3 8. Qxf3 h4 9. e6 fxe6 10. Qg4 Kd7 11. 0-0-0 Qf8 12. Bd3 Qxf4+ 13. Qxf4 Bh6 14. Qxh6 Nxh6 15. Rde1 Nf5 16. Ne2 Rf8 17. Nf4 Nxd4 18. Nxg6 Rxf2 19. c3 Nb5 20. Nxh4 Na6 21. Rhf1 Rxf1 22. Rxf1 e5 23. Ng6 e4 24. Bxb5 cxb5 25. Rf8 Rxf8 26. Nxf8+ Ke8 27. Ne6 b6 28. Kd2 Kf7 29. Nd4 b4 30. Nc6 bxc3+ 31. bxc3 Kf6 32. g4 e5 33. h4 Nc5 34. Nxa7 d4 35. Nb5 Ne6 36. cxd4 exd4 37. h5 Kg5 38. Nxd4 Nxd4 39. Ke3 Nb5 40. Kxe4 Nc3+ 41. Kd4 Nxa2 42. Kc4 Nc1 43. Kb5 1/2-1/2

[Event "SVK-ch U18/20"]
[Site "Tatralandia"]
[Date "2025.05.15"]
[Round "6"]
[White "Libich, Oliver1"]
[Black "Hitka, Dominik"]
[Result "1/2-1/2"]
[WhiteElo "1866"]
[BlackElo "1984"]
[PlyCount "91"]
[EventDate "2025.05.11"]
[EventType "swiss"]
[EventRounds "9"]
[EventCountry "SVK"]
[SourceTitle "CB21_2025"]
[SourceDate "2025.05.21"]
[SourceVersion "1"]
[SourceVersionDate "2025.05.21"]
[SourceQuality "1"]

1. d4 Nf6 2. Bg5 d5 3. Bxf6 exf6 4. e3 Bd6 5. g3 f5 6. Bg2 c6 7. Ne2 Nd7 8. 0-0 Nf6 9. c4 dxc4 10. Nd2 h5 11. Nxc4 Be6 12. Rc1 h4 13. Qc2 g6 14. Nxd6+ Qxd6 15. Nc3 Kf8 16. Rfe1 Kg7 17. Rcd1 Rad8 18. e4 fxe4 19. Nxe4 Nxe4 20. Bxe4 hxg3 21. hxg3 Bd5 22. Bxd5 Qxd5 23. Qe4 Rh5 24. Qxd5 Rhxd5 25. Re7 R8d7 26. Re3 Rxd4 27. Rxd4 Rxd4 28. Re7 Rb4 29. b3 Kf6 30. Rc7 g5 31. Kf1 g4 32. Ke2 Re4+ 33. Kd3 Re7 34. Rc8 Ke5 35. Rd8 Kf5 36. Rd4 Re5 37. Rf4+ Ke6 38. Rxg4 Ra5 39. a4 Rd5+ 40. Ke3 a5 41. Rc4 Re5+ 42. Kd3 Kd6 43. Rf4 Ke6 44. Rc4 Rd5+ 45. Ke3 Rh5 46. Kf4 1/2-1/2

[Event "SVK-ch blitz"]
[Site "Poprad"]
[Date "2025.05.02"]
[Round "12"]
[White "Ambrozi, Peter"]
[Black "Hitka, Dominik"]
[Result "1-0"]
[WhiteElo "1897"]
[BlackElo "1755"]
[PlyCount "59"]
[EventDate "2025.05.02"]
[EventType "swiss (blitz)"]
[EventRounds "13"]
[EventCountry "SVK"]
[SourceTitle "CB19_2025"]
[SourceDate "2025.05.07"]
[SourceVersion "1"]
[SourceVersionDate "2025.05.07"]
[SourceQuality "1"]

1. d4 e6 2. Nf3 f5 3. g3 Nf6 4. Bg2 Be7 5. 0-0 0-0 6. c4 d6 7. Nc3 Ne4 8. Qc2 Nxc3 9. Qxc3 Bf6 10. Rb1 Nc6 11. e3 e5 12. dxe5 dxe5 13. Qc2 Qe8 14. b4 Qh5 15. b5 e4 16. bxc6 exf3 17. cxb7 Bxb7 18. Rxb7 fxg2 19. Rd1 f4 20. exf4 Rad8 21. Re1 Qf3 22. Rxc7 Rfe8 23. Be3 Bd4 24. Qf5 Rf8 25. Qe6+ Kh8 26. Bxd4 Rxd4 27. Rxg7 Kxg7 28. Qe5+ Kg8 29. Qxd4 Qc6 30. Qd5+ 1-0

[Event "SVK-ch blitz"]
[Site "Poprad"]
[Date "2025.05.02"]
[Round "4"]
[White "Balazs, Attila2"]
[Black "Hitka, Dominik"]
[Result "1/2-1/2"]
[WhiteElo "1973"]
[BlackElo "1755"]
[PlyCount "127"]
[EventDate "2025.05.02"]
[EventType "swiss (blitz)"]
[EventRounds "13"]
[EventCountry "SVK"]
[SourceTitle "CB19_2025"]
[SourceDate "2025.05.07"]
[SourceVersion "1"]
[SourceVersionDate "2025.05.07"]
[SourceQuality "1"]

1. e4 e6 2. Nf3 d5 3. exd5 exd5 4. d4 Bd6 5. Bd3 Nf6 6. 0-0 0-0 7. Re1 Bg4 8. h3 Bh5 9. Bg5 Nbd7 10. Nbd2 c6 11. c3 Qc7 12. Qc2 Rfe8 13. Rxe8+ Rxe8 14. Re1 Rxe1+ 15. Nxe1 Bg6 16. Bxg6 hxg6 17. Qd3 Qd8 18. Qe2 Qe7 19. Kf1 Kf8 20. Nd3 Qxe2+ 21. Kxe2 Ne8 22. Nb3 f6 23. Be3 Bc7 24. Ndc5 Nxc5 25. Nxc5 b6 26. Nd3 Ke7 27. Bf4 Bxf4 28. Nxf4 g5 29. Nd3 Nd6 30. Nb4 Kd7 31. f3 a5 32. Nd3 Ke6 33. Ke3 Nc4+ 34. Ke2 Nd6 35. b3 Kf5 36. g4+ Ke6 37. Ke3 g6 38. Nb2 f5 39. f4 gxf4+ 40. Kxf4 Ne4 41. gxf5+ gxf5 42. c4 Nc3 43. Na4 Nxa4 44. cxd5+ Kxd5 45. bxa4 c5 46. dxc5 bxc5 47. h4 Kd4 48. h5 Kd3 49. h6 c4 50. h7 c3 51. h8Q c2 52. Qd8+ Ke2 53. Qc7 Kd1 54. Qd6+ Kc1 55. Kxf5 Kb1 56. Qb6+ Ka1 57. Qc5 Kb2 58. Qb5+ Kxa2 59. Qc4+ Ka1 60. Qc3+ Kb1 61. Qb3+ Ka1 62. Qa3+ Kb1 63. Qb3+ Ka1 64. Qxc2 1/2-1/2

[Event "SVK-ch blitz"]
[Site "Poprad"]
[Date "2025.05.02"]
[Round "9"]
[White "Hitka, Dominik"]
[Black "Salgovic, Simon"]
[Result "1-0"]
[WhiteElo "1755"]
[BlackElo "1956"]
[PlyCount "47"]
[EventDate "2025.05.02"]
[EventType "swiss (blitz)"]
[EventRounds "13"]
[EventCountry "SVK"]
[SourceTitle "CB19_2025"]
[SourceDate "2025.05.07"]
[SourceVersion "1"]
[SourceVersionDate "2025.05.07"]
[SourceQuality "1"]

1. e4 d5 2. exd5 Qxd5 3. Nf3 Bg4 4. Be2 Nc6 5. 0-0 0-0-0 6. c4 Qd7 7. h3 Bxf3 8. Bxf3 Nd4 9. Nc3 Nf6 10. Kh1 e5 11. Ne4 Nxe4 12. Bxe4 f5 13. Bb1 g5 14. Qh5 Be7 15. b3 Rhg8 16. Bb2 Rdf8 17. Re1 e4 18. d3 Bc5 19. dxe4 g4 20. h4 Rg7 21. exf5 Rgf7 22. Rd1 g3 23. f3 Qd6 24. Qg4 1-0

[Event "SVK-ch blitz"]
[Site "Poprad"]
[Date "2025.05.02"]
[Round "5"]
[White "Hitka, Dominik"]
[Black "Singliar, Anton"]
[Result "1-0"]
[WhiteElo "1755"]
[BlackElo "2046"]
[PlyCount "79"]
[EventDate "2025.05.02"]
[EventType "swiss (blitz)"]
[EventRounds "13"]
[EventCountry "SVK"]
[SourceTitle "CB19_2025"]
[SourceDate "2025.05.07"]
[SourceVersion "1"]
[SourceVersionDate "2025.05.07"]
[SourceQuality "1"]

1. e4 e5 2. Nf3 Nc6 3. d4 exd4 4. Nxd4 Bc5 5. Nb3 Bb6 6. Qe2 d6 7. Nc3 Nge7 8. Be3 0-0 9. 0-0-0 Re8 10. Kb1 Ng6 11. f3 Bxe3 12. Qxe3 Be6 13. Nd4 Nxd4 14. Qxd4 Qe7 15. Nd5 Bxd5 16. Qxd5 Rab8 17. Bc4 b5 18. Bxb5 Nf4 19. Qf5 Qe5 20. Qxe5 Rxe5 21. Bf1 Ne6 22. Bc4 a5 23. Bxe6 Rxe6 24. Rd5 Ra8 25. Rhd1 Kf8 26. Rb5 Ke7 27. Rdd5 a4 28. Ra5 Rxa5 29. Rxa5 Kd7 30. c3 g6 31. Rxa4 f5 32. Kc2 fxe4 33. Rxe4 Rf6 34. a4 d5 35. Rg4 c5 36. b4 Kc6 37. Kb3 Re6 38. Rh4 h5 39. Rf4 c4+ 40. Ka3 1-0

[Event "SVK-chT2A 2425"]
[Site "Slovakia"]
[Date "2024.11.10"]
[Round "2.1"]
[White "Shirinyan, Daniel"]
[Black "Hitka, Dominik"]
[Result "1-0"]
[WhiteElo "2180"]
[BlackElo "1927"]
[PlyCount "63"]
[EventDate "2024.11.09"]
[EventType "team-tourn"]
[EventRounds "11"]
[EventCountry "SVK"]
[SourceTitle "CB51_2024"]
[SourceDate "2024.12.18"]
[SourceVersion "1"]
[SourceVersionDate "2024.12.18"]
[SourceQuality "1"]
[WhiteTeam "Senec"]
[BlackTeam "Bratislava Slovan IV"]
[WhiteTeamCountry "SVK"]
[BlackTeamCountry "SVK"]

1. d4 f5 2. Bg5 h6 3. Bh4 g5 4. e3 Nf6 5. Bg3 Bg7 6. Bd3 d6 7. Nc3 Nc6 8. h4 e5 9. hxg5 hxg5 10. Rxh8+ Bxh8 11. dxe5 Nxe5 12. Nh3 Nfg4 13. Bxe5 Bxe5 14. Qf3 Bxc3+ 15. bxc3 Qf6 16. Kd2 Ke7 17. Rh1 Ne5 18. Qh5 Nxd3 19. cxd3 Be6 20. Nxg5 Rg8 21. Nxe6 Qxe6 22. Qh4+ Kf7 23. Qh5+ Ke7 24. c4 Rxg2 25. Qf3 Qg6 26. Ke2 b6 27. Kf1 Rg5 28. Qc6 Qg7 29. Qxc7+ Ke6 30. Qc8+ Ke7 31. Rh7 Rg1+ 32. Ke2 1-0

[Event "Bratislava exe op 2nd"]
[Site "Bratislava"]
[Date "2024.09.19"]
[Round "6"]
[White "Lacrosse, Marc"]
[Black "Hitka, Dominik"]
[Result "1/2-1/2"]
[WhiteElo "2091"]
[BlackElo "1899"]
[PlyCount "38"]
[EventDate "2024.09.14"]
[EventType "swiss"]
[EventRounds "9"]
[EventCountry "SVK"]
[SourceTitle "EXT 2025"]
[Source "ChessBase"]
[SourceDate "2024.10.14"]
[SourceVersion "1"]
[SourceVersionDate "2024.10.14"]
[SourceQuality "1"]

1. d4 e6 2. c4 f5 3. g3 Nf6 4. Bg2 Be7 5. Nf3 0-0 6. 0-0 d6 7. Nc3 Ne4 8. Qc2 Nxc3 9. Qxc3 Bf6 10. Rd1 Qe7 11. Qa3 g5 12. Be3 Nd7 13. Rac1 g4 14. Ne1 Bg5 15. Bxg5 Qxg5 16. Nd3 Nf6 17. c5 d5 18. c6 b6 19. Qe7 Qg7 1/2-1/2

[Event "Bratislava exe op 2nd"]
[Site "Bratislava"]
[Date "2024.09.18"]
[Round "5"]
[White "Hitka, Dominik"]
[Black "Hanzel, Richard"]
[Result "1-0"]
[WhiteElo "1899"]
[BlackElo "1676"]
[PlyCount "55"]
[EventDate "2024.09.14"]
[EventType "swiss"]
[EventRounds "9"]
[EventCountry "SVK"]
[SourceTitle "EXT 2025"]
[Source "ChessBase"]
[SourceDate "2024.10.14"]
[SourceVersion "1"]
[SourceVersionDate "2024.10.14"]
[SourceQuality "1"]

1. e4 c6 2. Nf3 d5 3. Nc3 Bg4 4. h3 Bxf3 5. Qxf3 e6 6. d3 Nd7 7. Bd2 d4 8. Ne2 c5 9. g4 Bd6 10. Bg2 Ne5 11. Qg3 Ng6 12. f4 e5 13. f5 Nf8 14. h4 Nd7 15. Ng1 Qe7 16. Nf3 f6 17. g5 Qf8 18. Ke2 0-0-0 19. Be1 Re8 20. Nd2 Nb6 21. a4 Bc7 22. a5 Nd7 23. Nc4 Ne7 24. Bh3 Kb8 25. b4 cxb4 26. Bxb4 Qf7 27. Bd6 Nc6 28. Rhb1 1-0

[Event "SVK-ch U2300"]
[Site "Liptovsky Jan"]
[Date "2024.06.18"]
[Round "7"]
[White "Subjakova, Kristina"]
[Black "Hitka, Dominik"]
[Result "1/2-1/2"]
[WhiteElo "1785"]
[BlackElo "1912"]
[PlyCount "89"]
[EventDate "2024.06.15"]
[EventType "swiss"]
[EventRounds "8"]
[EventCountry "SVK"]
[SourceTitle "CBM 220 Extra"]
[Source "ChessBase"]
[SourceDate "2024.07.31"]
[SourceVersion "1"]
[SourceVersionDate "2024.07.31"]
[SourceQuality "1"]

1. b3 b6 2. Bb2 Bb7 3. e3 d6 4. c4 e5 5. Nc3 Nd7 6. Nf3 Ngf6 7. d4 a6 8. d5 a5 9. Be2 Nc5 10. a4 Nfe4 11. Nxe4 Nxe4 12. Qc2 Nc5 13. 0-0 g6 14. Nd2 Bg7 15. f4 f6 16. f5 g5 17. Bh5+ Ke7 18. e4 Bc8 19. Rf3 Bd7 20. g4 Qb8 21. Ba3 Na6 22. Kg2 Qb7 23. Nb1 Nc5 24. Bxc5 bxc5 25. Nd2 Rab8 26. Qc3 Qa8 27. Ra3 Rb4 28. Ra1 Rhb8 29. Ra3 R8b6 30. Qc2 Qb7 31. Kf2 h6 32. Kg2 Qa8 33. Kf2 c6 34. Re3 Rb8 35. Rf3 Rh8 36. Re3 cxd5 37. exd5 Be8 38. Rh3 Bd7 39. Re3 Qb8 40. Rf3 Bc8 41. Re3 Bb7 42. Qe4 Qa8 43. Rd3 Rb8 44. Ke1 Bc8 45. Kf2 1/2-1/2

[Event "SVK-ch U16"]
[Site "Tatralandia"]
[Date "2024.04.11"]
[Round "8"]
[White "Hitka, Dominik"]
[Black "Gay, Lukas"]
[Result "1/2-1/2"]
[WhiteElo "1854"]
[BlackElo "1976"]
[PlyCount "91"]
[EventDate "2024.04.05"]
[EventType "swiss"]
[EventRounds "9"]
[EventCountry "SVK"]
[SourceTitle "CBM 219 Extra"]
[Source "ChessBase"]
[SourceDate "2024.05.31"]
[SourceVersion "1"]
[SourceVersionDate "2024.05.31"]
[SourceQuality "1"]

1. Nf3 g6 2. g3 Bg7 3. Bg2 e5 4. d3 c5 5. e4 d6 6. Bg5 f6 7. Be3 Be6 8. 0-0 Qd7 9. Nfd2 Nh6 10. f3 Nc6 11. Qc1 0-0 12. Nb3 Nf7 13. Qd2 Ne7 14. Nc3 f5 15. Ne2 Nd8 16. c3 Qb5 17. Nec1 a5 18. a4 Qa6 19. Qc2 Rc8 20. Rd1 b6 21. Qe2 d5 22. Bf2 dxe4 23. fxe4 f4 24. Bf3 fxg3 25. Bxg3 Ndc6 26. Bg4 Bxg4 27. Qxg4 Rf6 28. Bh4 g5 29. Bg3 h6 30. Qe2 Rcf8 31. d4 Qxe2 32. Nxe2 cxd4 33. cxd4 exd4 34. Nbxd4 Nxd4 35. Nxd4 Nc6 36. Nf5 Re6 37. Rd7 Rf7 38. Nxg7 Kxg7 39. Rxf7+ Kxf7 40. Re1 Nb4 41. Re3 Kg6 42. Kf2 Rc6 43. b3 Rf6+ 44. Ke2 Rc6 45. Kf3 Rf6+ 46. Ke2 1/2-1/2

[Event "SVK-ch U16"]
[Site "Tatralandia"]
[Date "2024.04.10"]
[Round "7"]
[White "Benci, Jozef1"]
[Black "Hitka, Dominik"]
[Result "1/2-1/2"]
[WhiteElo "2040"]
[BlackElo "1854"]
[PlyCount "59"]
[EventDate "2024.04.05"]
[EventType "swiss"]
[EventRounds "9"]
[EventCountry "SVK"]
[SourceTitle "CBM 219 Extra"]
[Source "ChessBase"]
[SourceDate "2024.05.31"]
[SourceVersion "1"]
[SourceVersionDate "2024.05.31"]
[SourceQuality "1"]

1. e4 d5 2. exd5 Nf6 3. d4 Nxd5 4. Nf3 Bf5 5. c3 e6 6. Be2 Bd6 7. 0-0 0-0 8. Re1 c5 9. Bd3 Bxd3 10. Qxd3 Nf6 11. Bg5 Nbd7 12. Nbd2 Qc7 13. Ne4 Nxe4 14. Qxe4 h6 15. Bxh6 gxh6 16. Qg4+ Kh7 17. Ng5+ Kh8 18. Qh4 Kg7 19. Rxe6 Rh8 20. Rae1 Bxh2+ 21. Kf1 Qf4 22. Qxf4 Bxf4 23. Nxf7 Kxf7 24. Re7+ Kf6 25. Rxd7 Rhd8 26. Rxb7 cxd4 27. Re4 Kf5 28. Rxd4 Rxd4 29. cxd4 Ke4 30. Rd7 1/2-1/2